Statistics for All the parliamentary republics of the world

Click here to take the quiz!

General Stats

  • This quiz has been taken 87 times
  • The average score is 27 of 44

Answer Stats

Answer% Correct
Germany
85%
Italy
85%
Poland
82%
Serbia
82%
Albania
76%
Austria
76%
Bulgaria
76%
Croatia
76%
Czech Republic
76%
Finland
76%
India
76%
North Macedonia
76%
Slovakia
76%
Bosnia and Herzegovina
74%
Greece
74%
Hungary
74%
Montenegro
74%
Kosovo
71%
Slovenia
71%
Bangladesh
68%
Estonia
68%
Israel
68%
Latvia
68%
Pakistan
68%
Armenia
62%
Iraq
62%
Ireland
62%
Moldova
62%
Barbados
59%
Georgia
59%
Iceland
59%
Dominica
56%
Malta
53%
Lebanon
41%
Nepal
41%
Taiwan
41%
Trinidad and Tobago
41%
Ethiopia
38%
Singapore
35%
Fiji
26%
Somalia
26%
Vanuatu
26%
Samoa
24%
Mauritius
15%

Score Distribution

Percentile by Number Answered

Percent of People with Each Score

Your Score History

You have not taken this quiz